Colección de los artículos de fondo de los periódicos La Revolución y El Huracán desde el primero de mayo de 1840, en que principiaron, hasta quince de enero de 1841... (Record no. 184555)
[ view plain ]
| 000 -LEADER | |
|---|---|
| campo de control de longitud fija | 00496nam a2200133 i 4500 |
| 001 - NÚMERO DE CONTROL | |
| campo de control | 184555 |
| 003 - IDENTIFICADOR DE NÚMERO DE CONTROL | |
| campo de control | ES-MaACL |
| 005 - FECHA Y HORA DE LA ÚLTIMA TRANSACCIÓN | |
| campo de control | 20230906222226.0 |
| 008 - DATOS DE LONGITUD FIJA--INFORMACIÓN GENERAL | |
| campo de control de longitud fija | 151022s1843 sp |||| | spa d |
| 245 00 - MENCIÓN DEL TÍTULO | |
| Título | Colección de los artículos de fondo de los periódicos La Revolución y El Huracán desde el primero de mayo de 1840, en que principiaron, hasta quince de enero de 1841... |
| 260 ## - PUBLICACIÓN, DISTRIBUCIÓN, ETC. | |
| Lugar de publicación, distribución, etc. | Madrid : |
| Nombre del editor, distribuidor, etc. | [s.n.], |
| Fecha de publicación, distribución, etc. | 1843 ( |
| Fabricante | Imp. del Huracan) |
| 300 ## - DESCRIPCIÓN FÍSICA | |
| Extensión | 1 v. ; |
| Dimensiones | 25 cm. |
| 852 ## - LOCALIZACIÓN | |
| Ubicación | ES-MaACL |
| Número de control de estantería | B-342 |
| Estatus retirado | Estado de pérdida | Estado de daño | No para préstamo | Colección | Biblioteca de origen | Biblioteca actual | Ubicación en estantería | Fecha de adquisición | Fuente de adquisición | Total de préstamos | Signatura topográfica completa | Código de barras | Visto por última vez | Precio de reemplazo | Tipo de ítem Koha |
|---|---|---|---|---|---|---|---|---|---|---|---|---|---|---|---|
| Libros del s. XIX | Biblioteca del Ateneo de Madrid | Biblioteca del Ateneo de Madrid | Sala Pardo Bazán | 22/10/2015 | B-342 | 1194303 | 23/02/2023 | 23/02/2023 | Libro impreso antiguo |
